000 00891nam a2200253 i 4500
001 146529
003 ES-MaACL
005 20250828090944.0
007 t|
008 070910s1939 sp ||||1| spa d
080 _a232.38
100 1 _aTóth, Tihamér.
_9111109
245 1 0 _aCristo Rey o Jesucristo y nuestro siglo /
_cMonseñor Tihamér Tóth, obispo coadjutor de Veszprém (Hungría) ; [traducido del original húngaro por D. Antonio Sancho].
250 _a2ª ed.
260 _aMadrid :
_bSociedad de Educación Atenas,
_c1939.
300 _a326 p. ;
_c25 cm.
490 1 _aRazonemos nuestra fe ;
_v7
600 0 4 _aJesucristo-
_xRealeza.
_966378
700 1 _aSancho Nebot, Antonio,
_d1884-1961
_9103048
710 2 _aSociedad de Educación Atenas
_96665
830 1 _aRazonemos nuestra fe ;
_v7
_9182561
852 _aES-MaACL
_jF-15455
999 _c146529
_d146529